000 01076nam0a2200313 4500
001 RU\NLR\bibl\1415778
005 20260405163956.0
010 _a978-5-17-060280-3
_914000
021 _aRU
_b2009-57095
_93519
035 _a(nilc)RSL-KNO-004354515
035 _a(NLR Aleph) 001407743
090 _a1262805
_c1262805
100 _a20131026d2009 |||y0rusy50 ca
101 1 _arus
_ceng
102 _aRU
105 _ay |||||||||
200 1 _aВ моих безумных фантазиях
_e[роман]
_fДжулиана Маклейн
_g[пер. с англ. О.И. Кондратьевой]
210 _aМосква
_cАСТ
_cАСТ МОСКВА
_d2009
215 _a285, [1] с.
_d17
225 1 _aМини-Шарм
686 _aШ5(7США)62-644
_2rubbk
686 _aШ6(7США)67-440.4{Лх1979-50}
700 1 _4070
_8rus
_7ca
_aМаклин
_bД.
_gДжулианна
_3RU\NLR\AUTH\7770031
_952959
801 0 _aRU
_bРКП
_c20090709
_grcr
801 1 _aRU
_bРГБ
_c20090709
801 2 _aRU
_bNLR
_c20090923
_grcr
942 _cBOOK
980 _aNB